00693nam a2200193Ia 4500008004100000040001800041041000800059100002600067245006100093260004100154300004500195490002800240500005800268504005400326650002600380650001500406650003000421710004800451130821s1964 mx a gr spa  aCo-BoUCMbspa aspa1 aRojas Garcia, Antonio10aTratado de economía industrialcAntonio Rojas García aMéxico D.F. (México)bUNAMc1964 a812 páginasbilustraciones, gráficas 0aManuales Universitarios aEl ejemplar No.2 es Donación Dr. Álvaro Daza Roa. aIncluye referencias bibliográficas e índices.04aEconomía industrial04aEconomía04aOrganización industrial2 aUniversidad Nacional Autónoma de México